Vysokoškolské vzdelávanie v kontexte Bolonského procesu

Zmeny v systéme vysokoškolského vzdelávania na Slovensku - prechod na trojstupňový model. Jednota vzdelávania a výskumu. Systém akademických kreditov. Mobilita študentov. Spoločné akademické tituly. Doplnok k diplomu.

Salvato in:
Dettagli Bibliografici
Autore principale: Gonda, Vladimír
Natura: Capitolo di libro
Lingua:slovacco
Soggetti:
Tags: Aggiungi Tag
Nessun Tag, puoi essere il primo ad aggiungerne!!

MARC

LEADER 00000nla$a2200000$$$4500
001 0089255
005 20240502072010.3
041 0 |a slo 
044 |a SK 
245 1 0 |a Vysokoškolské vzdelávanie v kontexte Bolonského procesu  |c Vladimír Gonda 
520 |a Zmeny v systéme vysokoškolského vzdelávania na Slovensku - prechod na trojstupňový model. Jednota vzdelávania a výskumu. Systém akademických kreditov. Mobilita študentov. Spoločné akademické tituly. Doplnok k diplomu. 
610 2 0 |a vzdelávanie vysokoškolské 
610 2 0 |a študenti 
610 2 0 |a hodnosti vedecké 
610 2 0 |a výskum 
610 2 0 |a Slovensko 
100 1 |a Gonda, Vladimír